Statistics for Sydney True or False?

Click here to take the quiz!

General Stats

  • This quiz has been taken 176 times
  • The average score is 9 of 15

Answer Stats

QuestionAnswer% Correct
Sydney is the capital of AustraliaFalse
93%
More than one in three Sydneysiders were not born in AustraliaTrue
84%
Sydney was bombed by the Japanese during World War IIFalse
79%
The Sydney Harbour Bridge predates the Sydney Opera HouseTrue
79%
After English, Arabic is the most commonly spoken language in SydneyFalse
73%
Sydney is the only Australian city to have hosted an Olympic GamesFalse
70%
Sydney typically experiences several days each summer above 50 degrees Celcius (122 Farenheit)False
67%
Sydney is the oldest city in AustraliaTrue
67%
Sydney recorded over 6,000 COVID-19 deaths in 2020False
58%
Most teams in Australia's National Rugby League are based in SydneyTrue
56%
The Sydney Harbour Bridge is the tallest steel arch bridge in the worldTrue
54%
By passenger numbers, Sydney has the largest commuter ferry system in the worldFalse
45%
Sydney has a larger population than ScotlandFalse
32%
More than half of Australia's prime ministers have represented an electorate in SydneyFalse
19%
The curves of the Sydney Opera House are inspired by the sails in the harbourFalse
17%

Score Distribution

Percentile by Number Answered

Percent of People with Each Score

Your Score History

You have not taken this quiz